000 00278nam a2200121 a 4500
008 101026s1964|||| d
100 1 _aMoyzisch, L.C.
245 1 0 _aOperácia Cicero
260 _bOsveta
_aBratislava
_c1964
041 _aslo
020 _c11,80
044 _axo
_cSK
999 _c12311
_d12311